[Event "Kramnik-Aronian Match"]
[Site "?"]
[Date "2012.04.22"]
[Round "2"]
[White "Aronian, Levon"]
[Black "Kramnik, Vladimir"]
[Result "1/2-1/2"]
[WhiteElo "2820"]
[BlackElo "2801"]
[PlyCount "74"]
[EventDate "2012.??.??"]
[SourceDate "2012.04.23"]

1. e4 e5 2. Nf3 Nc6 3. Bb5 Nf6 4. O-O Nxe4 5. d4 Nd6 6. Bxc6 dxc6 7. dxe5 Nf5
8. Qxd8+ Kxd8 9. Nc3 Be6 10. Rd1+ Ke8 11. Ng5 Bc8 12. h3 Be7 13. Bf4 Nh4 14. e6
f6 15. Nf7 Rg8 16. Bxc7 Bxe6 17. Nd6+ Bxd6 18. Bxd6 Kf7 19. f3 Nf5 20. Bc5 b6
21. Bf2 Rgd8 22. a4 Ne7 23. a5 c5 24. Nb5 Nc6 25. Rxd8 Rxd8 26. axb6 axb6 27.
Ra6 Rd1+ 28. Kh2 Rd2 29. Rxb6 Rxc2 30. Nd6+ Ke7 31. Ne4 Nd4 32. Rb7+ Kf8 33.
Rc7 Rxb2 34. Rxc5 Nf5 35. Ng3 Rxf2 36. Nxf5 Bxf5 37. Rxf5 Ra2 1/2-1/2

[Event "Kramnik-Aronian Match"]
[Site "?"]
[Date "2012.04.25"]
[Round "4"]
[White "Aronian, Levon"]
[Black "Kramnik, Vladimir"]
[Result "1/2-1/2"]
[WhiteElo "2820"]
[BlackElo "2801"]
[PlyCount "49"]
[EventDate "2012.??.??"]
[SourceDate "2012.04.26"]

1. e4 e5 2. Nf3 Nc6 3. Bb5 Nf6 4. O-O Nxe4 5. d4 Nd6 6. Bxc6 dxc6 7. dxe5 Nf5
8. Qxd8+ Kxd8 9. h3 Ke8 10. Nc3 h5 11. Bg5 Be6 12. b3 Be7 13. Rad1 h4 14. Rfe1
Rd8 15. Rxd8+ Kxd8 16. Ne4 b6 17. Bf4 Kc8 18. Neg5 Bxg5 19. Bxg5 Bd5 20. Nh2 c5
21. Rd1 Bc6 22. c3 a5 23. Ng4 Bd7 24. f3 a4 25. Kf2 1/2-1/2

[Event "Kramnik-Aronian Rapid"]
[Site "?"]
[Date "2012.04.25"]
[Round "1"]
[White "Kramnik, Vladimir"]
[Black "Aronian, Levon"]
[Result "0-1"]
[WhiteElo "2801"]
[BlackElo "2820"]
[PlyCount "70"]
[EventDate "2012.??.??"]
[SourceDate "2012.04.26"]

1. e4 e5 2. Nf3 Nc6 3. Bb5 a6 4. Ba4 Nf6 5. d3 b5 6. Bb3 Bc5 7. c3 d6 8. Bg5 h6
9. Bh4 Bb6 10. Nbd2 Rb8 11. Qe2 a5 12. a4 b4 13. O-O g5 14. Bg3 O-O 15. Nc4 Ba7
16. Nfd2 h5 17. h3 h4 18. Bh2 Kg7 19. Kh1 Rh8 20. d4 bxc3 21. bxc3 exd4 22. e5
dxc3 23. exf6+ Qxf6 24. f4 cxd2 25. fxg5 Qe6 26. Qd1 Rxb3 27. Qxb3 Ba6 28. Qf3
Bxc4 29. Qxc6 Bd4 30. Bg1 Bxa1 31. Rxa1 Re8 32. g6 Qf6 33. Qxc4 Re1 34. Kh2
Rxa1 35. Bd4 Rh1+ 0-1

[Event "Kramnik-Aronian Match"]
[Site "?"]
[Date "2012.04.27"]
[Round "5"]
[White "Kramnik, Vladimir"]
[Black "Aronian, Levon"]
[Result "1/2-1/2"]
[WhiteElo "2801"]
[BlackElo "2820"]
[PlyCount "86"]
[EventDate "2012.??.??"]
[SourceDate "2012.04.28"]

1. Nf3 d5 2. d4 Nf6 3. c4 c6 4. Nc3 e6 5. Bg5 h6 6. Bxf6 Qxf6 7. e3 Nd7 8. Be2
Qd8 9. O-O Be7 10. Qc2 O-O 11. a3 b6 12. Rfd1 Bb7 13. Rac1 Qb8 14. cxd5 cxd5
15. Qa4 Nf6 16. Ba6 Bxa6 17. Qxa6 Qc8 18. Qxc8 Rfxc8 19. Ne5 Bd6 20. Nd3 Ne8
21. Kf1 Kf8 22. Ke2 Ke7 23. h3 Rc4 24. b3 Rcc8 25. a4 Ba3 26. Rc2 Rc7 27. Ra1
Bd6 28. Kd2 a5 29. Rcc1 Rac8 30. f3 f5 31. g4 g6 32. Ne2 Rxc1 33. Nexc1 Nf6 34.
Ne2 Nh7 35. Ne5 Ng5 36. Nf4 Bb4+ 37. Kd1 Rc3 38. Rc1 Rxe3 39. Rc7+ Kd8 40. Rg7
Kc8 41. Rg8+ Kb7 42. Rg7+ Kc8 43. Rg8+ Kb7 1/2-1/2

[Event "Italian Team Championship"]
[Site "?"]
[Date "2012.04.27"]
[Round "1"]
[White "Caruana, Fabiano"]
[Black "Palac, Mladen"]
[Result "1/2-1/2"]
[WhiteElo "2767"]
[BlackElo "2593"]
[PlyCount "103"]
[EventDate "2012.??.??"]

1. d4 Nf6 2. c4 e6 3. Nc3 Bb4 4. e3 O-O 5. Nge2 d5 6. a3 Bd6 7. c5 Be7 8. b4 c6
9. Nf4 Nbd7 10. Bb2 b6 11. Be2 a5 12. O-O Ba6 13. Bxa6 Rxa6 14. Qc2 Qc7 15. f3
Rfa8 16. Nd3 R6a7 17. g4 Qc8 18. Rfc1 axb4 19. axb4 bxc5 20. bxc5 Bd8 21. Ne2
Ne8 22. Rxa7 Rxa7 23. Ra1 Rxa1+ 24. Bxa1 Qa6 25. Bb2 Ba5 26. Bc3 Nc7 27. Bxa5
Qxa5 28. Nc3 e5 29. Kg2 exd4 30. exd4 Ne6 31. Ne2 Qa1 32. Qc1 Qa6 33. Qe3 Qa2
34. Kg3 g6 35. Nef4 Ndf8 36. Ne5 Qa4 37. Ne2 f6 38. Nd3 Kf7 39. h4 Qd1 40. Kg2
Qc2 41. Kf2 Qd1 42. Kg2 Qc2 43. Kg3 Qd1 44. Kg2 Qc2 45. Nb4 Qa4 46. Qd2 g5 47.
h5 Nf4+ 48. Nxf4 gxf4 49. Nc2 Qb3 50. Nb4 Qa4 51. Nc2 Qb3 52. Nb4 1/2-1/2

[Event "Italian Team Championship"]
[Site "?"]
[Date "2012.04.27"]
[Round "1"]
[White "Genov, Petar"]
[Black "Sutovsky, Emil"]
[Result "1/2-1/2"]
[WhiteElo "2463"]
[BlackElo "2700"]
[PlyCount "161"]
[EventDate "2012.??.??"]

1. c4 Nf6 2. Nf3 g6 3. b3 Bg7 4. Bb2 O-O 5. g3 d6 6. d4 e5 7. dxe5 dxe5 8. Qxd8
Rxd8 9. Nxe5 Na6 10. Nd3 Bf5 11. Nc3 Bxd3 12. exd3 Ng4 13. Be2 Nb4 14. Rd1 Ne5
15. d4 Nc2+ 16. Kf1 Nxd4 17. Nd5 Nxe2 18. Kxe2 Re8 19. Ne3 Re6 20. Bxe5 Bxe5
21. Rd2 Rae8 22. Rhd1 Bd6 23. Kf3 Kg7 24. Rd3 Bc5 25. Nd5 Bd6 26. Ne3 a5 27.
Rd5 b6 28. R5d3 Rf6+ 29. Ke2 h5 30. h4 a4 31. R1d2 Rfe6 32. Kf3 Bb4 33. Rd1 Bc5
34. Nd5 Re2 35. R3d2 Rxd2 36. Rxd2 c6 37. b4 Bf8 38. Nxb6 Bxb4 39. Rb2 Ba3 40.
Rc2 Kf6 41. Nxa4 Ra8 42. Nc3 Ke5 43. Nd1 Kd4 44. Ke2 Bb4 45. Ne3 Bc3 46. Nd1
Re8+ 47. Kf3 Bb4 48. Ne3 Bc3 49. Nd1 Ba5 50. Ne3 Rb8 51. Rc1 Rb2 52. Rd1+ Kc5
53. a4 Ra2 54. g4 hxg4+ 55. Nxg4 Bc3 56. Ne3 Bd4 57. Ke4 Bxe3 58. Kxe3 Rxa4 59.
Rd7 f5 60. Rg7 Rxc4 61. Rxg6 Rxh4 62. Rf6 Re4+ 63. Kf3 Re1 64. Rxf5+ Kd4 65.
Rf8 c5 66. Rd8+ Kc3 67. Kg4 Rg1+ 68. Kf5 c4 69. f4 Rg3 70. Ke6 Re3+ 71. Kf6 Kb2
72. f5 c3 73. Rb8+ Ka3 74. Rc8 Kb3 75. Kg7 Rg3+ 76. Kh7 Rh3+ 77. Kg7 Rg3+ 78.
Kh7 Rf3 79. Kg6 c2 80. Rxc2 Kxc2 81. f6 1/2-1/2

[Event "Kramnik-Aronian Match"]
[Site "?"]
[Date "2012.04.28"]
[Round "6"]
[White "Aronian, Levon"]
[Black "Kramnik, Vladimir"]
[Result "1/2-1/2"]
[WhiteElo "2820"]
[BlackElo "2801"]
[PlyCount "85"]
[EventDate "2012.??.??"]
[SourceDate "2012.04.29"]

1. e4 e5 2. Nf3 Nc6 3. Bb5 Nf6 4. d3 Bc5 5. Nbd2 d6 6. c3 O-O 7. O-O Ne7 8. h3
Ng6 9. Re1 c6 10. Ba4 Re8 11. d4 Bb6 12. Bc2 h6 13. a4 Be6 14. Nf1 exd4 15.
Nxd4 Bd7 16. f4 d5 17. e5 Ne4 18. Bxe4 dxe4 19. a5 Bxa5 20. Ng3 Bb6 21. Kh2 c5
22. Ndf5 Bxf5 23. Nxf5 Qxd1 24. Rxd1 Rad8 25. Be3 Rd3 26. Re1 f6 27. exf6 gxf6
28. Nxh6+ Kf8 29. Ra4 Rd5 30. c4 Rd3 31. b4 Rxe3 32. Rxe3 cxb4 33. Rg3 e3 34.
Rxg6 e2 35. Ra1 Bf2 36. Rg8+ Ke7 37. Rg7+ Kd6 38. Rxb7 e1=Q 39. Rxe1 Bxe1 40.
Nf5+ Kc5 41. Rb5+ Kc6 42. Nd4+ Kc7 43. Rc5+ 1/2-1/2

[Event "Italian Team Championship"]
[Site "?"]
[Date "2012.04.28"]
[Round "3"]
[White "Brunello, Sabino"]
[Black "Caruana, Fabiano"]
[Result "0-1"]
[WhiteElo "2587"]
[BlackElo "2767"]
[PlyCount "152"]
[EventDate "2012.??.??"]
[SourceDate "2012.04.29"]

1. d4 Nf6 2. Nf3 g6 3. c4 Bg7 4. g3 c5 5. d5 b5 6. cxb5 a6 7. bxa6 d6 8. Nc3
O-O 9. e4 Nxa6 10. Be2 Bh3 11. Ng5 Qc8 12. Nxh3 Qxh3 13. Bf1 Qc8 14. Be2 Qh3
15. Bf1 Qd7 16. h4 Rfb8 17. a3 Qc7 18. Bc4 Nd7 19. f4 Qa5 20. Qc2 Nb6 21. Bxa6
Qxa6 22. h5 Na4 23. hxg6 hxg6 24. Nd1 Qa5+ 25. Kf2 c4 26. Qxc4 Qc5+ 27. Ne3
Nxb2 28. Qxc5 Nd3+ 29. Kf3 Nxc5 30. Ra2 Ra4 31. e5 dxe5 32. fxe5 Bxe5 33. Rh4
Rb3 34. Rxa4 Nxa4 35. Rc2 Nb6 36. Ke4 Bxg3 37. Rb2 f5+ 38. Kf3 Rxb2 39. Bxb2
Bc7 40. Bd4 Kf7 41. Bxb6 Bxb6 42. Nc4 Bc7 43. a4 Ke8 44. a5 Kd7 45. a6 Kc8 46.
Ne3 Be5 47. Nc4 Bd6 48. Ne3 Bc5 49. Nc4 g5 50. Ne5 g4+ 51. Kg2 Kc7 52. Nf7 f4
53. Ne5 f3+ 54. Kf1 Kd6 55. Nxg4 Kxd5 56. Nh6 e5 57. Nf5 e4 58. Ne7+ Kc4 59.
Nc6 Kc3 60. Ke1 Kd3 61. Ne5+ Kc2 62. Nc6 e3 63. a7 Bxa7 64. Ne5 f2+ 65. Ke2 Kc3
66. Ng4 Bb6 67. Nh2 Kd4 68. Nf1 Ke4 69. Ng3+ Kf4 70. Nh5+ Kg4 71. Nf6+ Kh3 72.
Nd5 Kh2 73. Nf4 Bc7 74. Nd5 Kg1 75. Nxe3 Bf4 76. Nf1 Kg2 0-1

[Event "Italian Team Championship"]
[Site "?"]
[Date "2012.04.29"]
[Round "4"]
[White "Caruana, Fabiano"]
[Black "Garcia, Palermo Carlos"]
[Result "1-0"]
[WhiteElo "2767"]
[BlackElo "2479"]
[PlyCount "87"]
[EventDate "2012.??.??"]
[SourceDate "2012.04.30"]

1. e4 e5 2. Nf3 Nc6 3. Bb5 Nf6 4. O-O Nxe4 5. d4 Nd6 6. Bxc6 dxc6 7. dxe5 Nf5
8. Qxd8+ Kxd8 9. Nc3 Be7 10. h3 Nh4 11. Nxh4 Bxh4 12. g4 Be7 13. Be3 h5 14. f3
b6 15. Kg2 Ke8 16. Rfd1 a5 17. a4 Be6 18. Ne2 c5 19. Nf4 hxg4 20. hxg4 Bd7 21.
b3 Bg5 22. Nd5 Bxe3 23. Nxc7+ Ke7 24. Nd5+ Kd8 25. Nxe3 Re8 26. Nc4 Rb8 27. Rd6
Kc7 28. Rad1 Bc6 29. Kg3 Re7 30. f4 Rh8 31. g5 f6 32. exf6 gxf6 33. Rxf6 Reh7
34. Ne5 Be4 35. g6 Rh3+ 36. Kf2 Rc3 37. Rd7+ Kc8 38. Rh7 Rd8 39. Nc4 Bxc2 40.
Rc6+ Kb8 41. Rxb6+ Ka8 42. Ra6+ Kb8 43. Rb6+ Ka8 44. Rbb7 1-0

[Event "Italian Team Championship"]
[Site "?"]
[Date "2012.04.30"]
[Round "5"]
[White "Caruana, Fabiano"]
[Black "Genov, Petar"]
[Result "1-0"]
[WhiteElo "2767"]
[BlackElo "2463"]
[PlyCount "65"]
[EventDate "2012.??.??"]
[SourceDate "2012.04.30"]

1. e4 c6 2. d4 d5 3. e5 Bf5 4. Nf3 e6 5. Be2 Ne7 6. c3 Nd7 7. O-O Nc8 8. Nbd2
Be7 9. Ne1 Bg6 10. Nd3 c5 11. Nf4 cxd4 12. Nxg6 hxg6 13. cxd4 Qb6 14. Nf3 a6
15. g3 Na7 16. h4 Rc8 17. Rb1 Nc6 18. Kg2 Nb4 19. a3 Nc6 20. Be3 Na5 21. Nd2
Qc7 22. Bd3 Nc4 23. Qg4 b5 24. Nf3 Ndb6 25. Bg5 a5 26. Bxg6 fxg6 27. Qxe6 a4
28. b3 axb3 29. Rxb3 Qd7 30. Qxg6+ Kf8 31. Re1 Bxg5 32. Nxg5 Rh6 33. Nh7+ 1-0

[Event "Italian Team Championship"]
[Site "?"]
[Date "2012.04.30"]
[Round "6"]
[White "Ronchetti, Niccolo"]
[Black "Caruana, Fabiano"]
[Result "1/2-1/2"]
[WhiteElo "2446"]
[BlackElo "2767"]
[PlyCount "99"]
[EventDate "2012.??.??"]
[SourceDate "2012.05.01"]

1. e4 c5 2. c3 e6 3. d4 d5 4. exd5 Qxd5 5. Nf3 Nf6 6. Be2 Be7 7. O-O cxd4 8.
cxd4 O-O 9. Ne5 Qd8 10. Nc3 Nbd7 11. Bf3 Nb6 12. Be3 Nbd5 13. Qb3 Nxe3 14. fxe3
Nd7 15. Nc4 Rb8 16. a4 a6 17. Rfd1 b6 18. d5 e5 19. d6 Bg5 20. Nd5 Bb7 21. Qc3
Bxd5 22. Rxd5 Kh8 23. Rad1 Qe8 24. e4 f5 25. exf5 e4 26. Be2 Bf6 27. Qe3 Qd8
28. Qxe4 b5 29. axb5 axb5 30. Nd2 Nb6 31. Rxb5 Qxd6 32. Nf3 Qc7 33. Qb4 Rfe8
34. Bf1 Nd7 35. Qd6 Qa7+ 36. Kh1 Rbd8 37. Qa3 Qc7 38. Rbd5 Ne5 39. Rxd8 Rxd8
40. Rxd8+ Qxd8 41. Nd4 Ng4 42. Ne6 Qb8 43. Qf8+ Qxf8 44. Nxf8 Bxb2 45. h3 Nf2+
46. Kg1 Bd4 47. Ne6 Ba7 48. Kh2 Bb8+ 49. Kg1 Ba7 50. Kh2 1/2-1/2

[Event "Italian Team Championship"]
[Site "?"]
[Date "2012.04.30"]
[Round "6"]
[White "Sutovsky, Emil"]
[Black "Jones, Gawain C B"]
[Result "1-0"]
[WhiteElo "2700"]
[BlackElo "2635"]
[PlyCount "97"]
[EventDate "2012.??.??"]
[SourceDate "2012.05.01"]

1. e4 e5 2. Nf3 Nc6 3. Bb5 Bc5 4. c3 Nf6 5. d4 exd4 6. e5 Nd5 7. O-O Be7 8.
Nxd4 Nxd4 9. Qxd4 c6 10. Bc4 Nb6 11. Bb3 O-O 12. Bf4 c5 13. Qd3 c4 14. Bxc4
Nxc4 15. Qxc4 d6 16. exd6 Bxd6 17. Rd1 Be6 18. Qe4 Bxf4 19. Rxd8 Raxd8 20. Na3
Bc7 21. Qxb7 Bb6 22. Nb5 Rd2 23. Nd4 Bxa2 24. b3 g6 25. h4 h5 26. Qf3 Re8 27.
Qf4 Rxd4 28. cxd4 Bxb3 29. g4 hxg4 30. h5 gxh5 31. Qg5+ Kf8 32. Qh6+ Kg8 33.
Qg5+ Kf8 34. Qh6+ Kg8 35. Qxh5 Be6 36. d5 Bd7 37. Qg5+ Kf8 38. Qh6+ Kg8 39.
Qg5+ Kf8 40. Qh6+ Kg8 41. Qd6 Bf5 42. Qf4 Bd7 43. Kf1 Bb5+ 44. Kg2 Be2 45. Rb1
Bf3+ 46. Kg3 Re2 47. Rxb6 axb6 48. d6 Re1 49. Qg5+ 1-0

[Event "Italian Team Championship"]
[Site "?"]
[Date "2012.05.01"]
[Round "7"]
[White "Caruana, Fabiano"]
[Black "Olszewski, Michal"]
[Result "0-1"]
[WhiteElo "2767"]
[BlackElo "2540"]
[PlyCount "148"]
[EventDate "2012.??.??"]
[SourceDate "2012.05.02"]

1. e4 c5 2. Nf3 d6 3. d4 cxd4 4. Nxd4 Nf6 5. Nc3 a6 6. h3 g6 7. Be3 Bg7 8. g4
O-O 9. Bg2 Nc6 10. O-O Nd7 11. Nce2 Qa5 12. f4 Qb4 13. Rb1 Nxd4 14. Nxd4 Nc5
15. a3 Qc4 16. Qd2 Ne6 17. Ne2 Bd7 18. f5 Nd8 19. Nc3 Bc6 20. h4 Be5 21. Rf2
Rc8 22. Re1 f6 23. Bf1 Qf7 24. Rg2 Kh8 25. Bd3 Rg8 26. Ree2 b5 27. Nd5 Bxd5 28.
exd5 Qxd5 29. Ref2 Nf7 30. g5 gxf5 31. Rxf5 e6 32. Rff2 f5 33. h5 Bd4 34. g6
Ne5 35. Kf1 Bxe3 36. Qxe3 Rg7 37. Be2 Qc5 38. Qxc5 Rxc5 39. c3 hxg6 40. hxg6
Rxg6 41. Rh2+ Kg7 42. Rf4 Ng4 43. Bxg4 fxg4 44. Rhf2 Rh5 45. Rf7+ Kh6 46. Kg1
g3 47. Re2 e5 48. Rf8 Kg7 49. Rd8 Kf7 50. Rd2 Ke7 51. Ra8 Rgh6 52. Rd3 Rh1+ 53.
Kg2 R6h2+ 54. Kxg3 Rh3+ 55. Kg2 Rxd3 56. Kxh1 Rd2 57. b4 e4 58. Kg1 Rc2 59.
Rxa6 Rxc3 60. Kf2 Ke6 61. Ra5 d5 62. Rxb5 Rxa3 63. Rb8 Rb3 64. b5 Ke5 65. b6
Rb2+ 66. Ke1 Kd4 67. b7 Ke3 68. Kd1 d4 69. Kc1 Rb6 70. Kc2 d3+ 71. Kc3 Rc6+ 72.
Kb4 d2 73. Rd8 Rb6+ 74. Kc3 Rxb7 0-1

[Event "Capablanca Memorial"]
[Site "Havana CUB"]
[Date "2012.05.04"]
[Round "1"]
[White "Ivanchuk, Vassily"]
[Black "Potkin, Vladimir"]
[Result "1/2-1/2"]
[WhiteElo "2764"]
[BlackElo "2642"]
[PlyCount "83"]
[EventDate "2012.05.03"]

1. d4 d5 2. c4 c6 3. Nf3 Nf6 4. e3 Bg4 5. h3 Bh5 6. Nc3 e6 7. g4 Bg6 8. Ne5
Nbd7 9. Nxg6 hxg6 10. a3 g5 11. Bd2 Bd6 12. Qf3 Qe7 13. O-O-O O-O-O 14. Kb1 Kb8
15. Rc1 Bc7 16. Rc2 g6 17. Bg2 a6 18. Qe2 Nb6 19. c5 Nc8 20. f4 gxf4 21. exf4
Nd7 22. Na2 Na7 23. a4 f6 24. Nc1 Rhe8 25. h4 Qg7 26. Nb3 Rh8 27. g5 Rde8 28.
Rh3 Nc8 29. Qd3 fxg5 30. hxg5 Ref8 31. Rxh8 Rxh8 32. Bh3 Qf7 33. Qe3 Nf8 34.
Nc1 Ne7 35. Ne2 Nf5 36. Qd3 Qh7 37. Bg4 Qh4 38. Qf3 Qh1+ 39. Rc1 Qxf3 40. Bxf3
Rh3 41. Bg4 Rh2 42. Kc2 1/2-1/2

[Event "Capablanca Memorial"]
[Site "Havana CUB"]
[Date "2012.05.04"]
[Round "1"]
[White "Dominguez Perez, Lenier"]
[Black "Laznicka, Viktor"]
[Result "1-0"]
[WhiteElo "2725"]
[BlackElo "2693"]
[PlyCount "79"]
[EventDate "2012.05.03"]

1. e4 c6 2. d4 d5 3. e5 Bf5 4. Nf3 e6 5. Be2 c5 6. Be3 cxd4 7. Nxd4 Ne7 8. Nd2
Nbc6 9. N2f3 Bg4 10. O-O Bxf3 11. Nxf3 Qc7 12. c4 dxc4 13. Bxc4 Nf5 14. Qe2
Nxe3 15. Qxe3 Be7 16. Bd3 O-O 17. Be4 Rfd8 18. Rac1 g6 19. Rc2 Qa5 20. Bxc6
bxc6 21. Rxc6 Rac8 22. Rxc8 Rxc8 23. a3 Rc2 24. b4 Qa4 25. Qe4 Rc3 26. Qb7 Kf8
27. Nd4 Rxa3 28. Nc6 Bg5 29. g3 Rc3 30. Nxa7 Be7 31. b5 Bc5 32. Nc8 Qd4 33. Nd6
Bxd6 34. exd6 Qxd6 35. Rb1 Qd3 36. Qa8+ Ke7 37. Qa7+ Ke8 38. Qa1 Rb3 39. Rd1
Qxb5 40. Qh8+ 1-0

[Event "Capablanca Memorial"]
[Site "Havana CUB"]
[Date "2012.05.04"]
[Round "1"]
[White "Quesada Perez, Yuniesky"]
[Black "Nepomniachtchi, Ian"]
[Result "1/2-1/2"]
[WhiteElo "2625"]
[BlackElo "2716"]
[PlyCount "86"]
[EventDate "2012.05.03"]

1. e4 c5 2. Nf3 d6 3. d4 cxd4 4. Nxd4 Nf6 5. Nc3 a6 6. Be3 e5 7. Nb3 Be6 8. f3
h5 9. Qd2 Nbd7 10. O-O-O Rc8 11. Kb1 b5 12. g3 Nb6 13. Bg5 Nc4 14. Bxc4 Rxc4
15. Nd5 Bxd5 16. Bxf6 Qxf6 17. Qxd5 Qe6 18. Na5 Rc5 19. Qa8+ Qc8 20. Qxc8+ Rxc8
21. Rd3 h4 22. Rhd1 hxg3 23. hxg3 Rh2 24. c3 Kd7 25. Nb7 Rh6 26. b4 Be7 27. Kb2
Rch8 28. Kb3 Kc7 29. Na5 Rh3 30. g4 Rg3 31. c4 Rhh3 32. cxb5 axb5 33. Rc1+ Kd7
34. Rcc3 Rg1 35. Nc6 Rh2 36. Na7 Rb1+ 37. Ka3 Rh8 38. Rb3 Rg1 39. Nxb5 Ra8+ 40.
Kb2 Rg2+ 41. Kb1 Rg1+ 42. Kb2 Rg2+ 43. Kb1 Rg1+ 1/2-1/2

[Event "Four Nations Chess League (GBR)"]
[Site "Hinckley ENG"]
[Date "2012.05.05"]
[Round "9"]
[White "Jones, Gawain CB"]
[Black "Short, Nigel D"]
[Result "0-1"]
[WhiteElo "2653"]
[BlackElo "2697"]
[PlyCount "174"]
[EventDate "2011.11.12"]

1. e4 e5 2. Nf3 Nc6 3. Bb5 a6 4. Ba4 d6 5. c3 g6 6. d4 Bd7 7. O-O Bg7 8. d5
Nce7 9. Bxd7+ Qxd7 10. c4 h6 11. Nfd2 Nf6 12. Nc3 O-O 13. b4 a5 14. bxa5 Rxa5
15. a4 Ra6 16. c5 dxc5 17. Nc4 Ne8 18. Be3 Nd6 19. Qd3 Rfa8 20. Bxc5 b5 21. Na3
bxa4 22. Rab1 f5 23. Rfd1 Nec8 24. Rd2 Nxe4 25. Nxe4 fxe4 26. Qxe4 Nd6 27. Qe2
Kh7 28. h3 Ra5 29. Bb4 R5a7 30. Bc3 Re8 31. Rdb2 Raa8 32. Rb4 e4 33. Rc1 Re7
34. Bxg7 Kxg7 35. Qb2+ Kh7 36. Nc4 Nf5 37. Qa3 Qxd5 38. Ne3 Qd3 39. Rc3 Qd7 40.
Rbc4 Nxe3 41. Rxe3 Qd1+ 42. Kh2 Qd6+ 43. Qxd6 cxd6 44. Ra3 Kg7 45. Rd4 Ra6 46.
Kg1 Kf6 47. Raxa4 Rxa4 48. Rxa4 e3 49. Rf4+ Kg5 50. fxe3 Rxe3 51. Rd4 Re6 52.
Kf2 Kf6 53. Kf3 Ke7 54. Rh4 g5 55. Rd4 h5 56. g3 Re5 57. Ra4 Kf6 58. Ra6 Rd5
59. Ke4 Rd1 60. Ra5 Re1+ 61. Kf3 Re5 62. Ra6 Ke6 63. h4 Rf5+ 64. Ke4 gxh4 65.
gxh4 Rf1 66. Ke3 Rh1 67. Ra4 d5 68. Kf2 Ke5 69. Kg3 Rf1 70. Ra8 Rf5 71. Re8+
Kd4 72. Rg8 Kd3 73. Rg7 d4 74. Kg2 Ke4 75. Re7+ Re5 76. Rg7 d3 77. Kf2 Kd4 78.
Rd7+ Kc3 79. Rc7+ Kb2 80. Rb7+ Kc2 81. Rc7+ Kd1 82. Rc8 d2 83. Rc7 Re4 84. Rc5
Rxh4 85. Ra5 Rd4 86. Ke3 Rd8 87. Rxh5 Kc2 0-1

[Event "Capablanca Memorial"]
[Site "Havana CUB"]
[Date "2012.05.05"]
[Round "2"]
[White "Potkin, Vladimir"]
[Black "Nepomniachtchi, Ian"]
[Result "1/2-1/2"]
[WhiteElo "2625"]
[BlackElo "2716"]
[PlyCount "55"]
[EventDate "2012.??.??"]

1. c4 c5 2. Nf3 Nc6 3. Nc3 g6 4. e3 Nf6 5. d4 cxd4 6. exd4 d5 7. cxd5 Nxd5 8.
Qb3 e6 9. Bb5 Bg7 10. Bg5 Qb6 11. Qa3 f6 12. Nxd5 exd5 13. Bxc6+ bxc6 14. O-O
Kf7 15. Rfe1 Bf8 16. Qe3 fxg5 17. Qe8+ Kg7 18. Re7+ Bxe7 19. Qxe7+ Kg8 20. Qe8+
Kg7 21. Qe5+ Kg8 22. Qe8+ Kg7 23. Qe7+ Kg8 24. Nxg5 Qb7 25. Qe8+ Kg7 26. Qe5+
Kg8 27. Qe8+ Kg7 28. Qe6 1/2-1/2

[Event "Four Nations Chess League (GBR)"]
[Site "Hinckley ENG"]
[Date "2012.05.06"]
[Round "10"]
[White "Rodriguez Guerrero, Enrique"]
[Black "McShane, Luke J"]
[Result "0-1"]
[WhiteElo "2454"]
[BlackElo "2691"]
[PlyCount "84"]
[EventDate "2011.11.12"]

1. e4 e5 2. Bc4 Nf6 3. d3 Bc5 4. Nc3 O-O 5. Nf3 d6 6. Bg5 c6 7. O-O Nbd7 8. a3
Bb6 9. b4 Re8 10. Bb3 Nf8 11. Na4 Bc7 12. c4 h6 13. Bh4 Ng6 14. Bg3 Bg4 15. Re1
Nh7 16. h3 Bh5 17. Qd2 Bxf3 18. gxf3 Ng5 19. Kg2 Ne6 20. Rh1 Nd4 21. Bd1 a5 22.
Rb1 axb4 23. axb4 Nh4+ 24. Kf1 Nhxf3 25. Qe3 Ng5 26. b5 Qd7 27. Kg2 Nge6 28.
bxc6 bxc6 29. c5 dxc5 30. Nb6 Bxb6 31. Rxb6 Qc7 32. Rb1 Nf4+ 33. Kf1 Ra3 34.
Bxf4 exf4 35. Qc1 Rxd3 36. Qxc5 Qe5 37. Qxe5 Rxe5 38. Be2 Rc3 39. Rd1 Nxe2 40.
Rd8+ Kh7 41. Kxe2 Rxe4+ 42. Kd2 Rf3 0-1

[Event "Four Nations Chess League (GBR)"]
[Site "Hinckley ENG"]
[Date "2012.05.06"]
[Round "10"]
[White "Short, Nigel D"]
[Black "Turner, Matthew J"]
[Result "1/2-1/2"]
[WhiteElo "2697"]
[BlackElo "2521"]
[PlyCount "104"]
[EventDate "2011.11.12"]

1. d4 d5 2. Nf3 Nf6 3. c4 e6 4. g3 dxc4 5. Bg2 c5 6. O-O Nc6 7. Na3 cxd4 8.
Nxc4 Bc5 9. b3 O-O 10. Bb2 Rb8 11. Nfe5 Bd7 12. Rc1 Rc8 13. Qd2 Nxe5 14. Nxe5
Qb6 15. Rfd1 Rfd8 16. Qf4 Bc6 17. Bxc6 bxc6 18. Rc4 Rd5 19. Bxd4 Bxd4 20. Rdxd4
c5 21. Rd2 Qd6 22. Nf3 Qxf4 23. gxf4 Rxd2 24. Nxd2 Nd5 25. e3 Nb6 26. Rc1 f5
27. Nc4 Rc7 28. Ne5 Kf8 29. Kf1 Ke7 30. Ke2 a5 31. Kd3 g6 32. h4 Kd6 33. Rd1
Rc8 34. Kc3+ Kc7 35. Rh1 a4 36. h5 axb3 37. Kxb3 Nd7 38. hxg6 Nxe5 39. fxe5
hxg6 40. f4 Rd8 41. Kc4 Kc6 42. Rg1 Ra8 43. Rxg6 Ra4+ 44. Kb3 Rb4+ 45. Kc3 Kd5
46. a3 Rb8 47. Rg1 Ke4 48. Re1 Ra8 49. Kc4 Rxa3 50. Kxc5 Rd3 51. Kc6 Rd2 52.
Ra1 Kxe3 1/2-1/2

[Event "Capablanca Memorial"]
[Site "?"]
[Date "2012.05.06"]
[Round "3"]
[White "Quesada Perez, Yuniesky"]
[Black "Ivanchuk, Vassily"]
[Result "1/2-1/2"]
[WhiteElo "2625"]
[BlackElo "2764"]
[PlyCount "66"]
[EventDate "2012.??.??"]
[SourceDate "2012.05.07"]

1. e4 d5 2. exd5 Qxd5 3. Nc3 Qd6 4. d4 Nf6 5. Nf3 c6 6. Ne5 Nbd7 7. Bf4 Nd5 8.
Nxd5 Qxd5 9. Nf3 Nb6 10. Be2 Bf5 11. c3 e6 12. O-O Qe4 13. Bg3 Qc2 14. Nh4 Qxd1
15. Raxd1 Be4 16. Rfe1 O-O-O 17. Nf3 Bxf3 18. Bxf3 Bd6 19. Kf1 Bxg3 20. hxg3
Rd7 21. b3 Rhd8 22. Rc1 Nd5 23. Re5 h6 24. Bxd5 Rxd5 25. Ke2 Kc7 26. Rxd5 Rxd5
27. Ke3 h5 28. f4 Kd6 29. Ke4 Ke7 30. c4 f5+ 31. Ke3 Rd7 32. b4 Kf6 33. Rh1 g6
1/2-1/2

[Event "Capablanca Memorial"]
[Site "?"]
[Date "2012.05.06"]
[Round "3"]
[White "Dominguez Perez, Leinier"]
[Black "Potkin, Vladimir"]
[Result "1-0"]
[WhiteElo "2725"]
[BlackElo "2642"]
[PlyCount "81"]
[EventDate "2012.??.??"]
[SourceDate "2012.05.07"]

1. e4 c5 2. Nf3 e6 3. d4 cxd4 4. Nxd4 Nc6 5. Nc3 Qc7 6. Be3 a6 7. Qd2 Nf6 8.
O-O-O Be7 9. f3 b5 10. g4 Bb7 11. g5 Nxd4 12. Bxd4 Nh5 13. Bd3 O-O 14. Ne2 e5
15. Be3 g6 16. Ng3 Nf4 17. h4 Rac8 18. Bxf4 exf4 19. Ne2 d5 20. Qxf4 Bd6 21. e5
Bxe5 22. Qd2 Bg7 23. f4 Rfe8 24. Kb1 Re4 25. Bxe4 dxe4 26. Rh3 b4 27. h5 a5 28.
h6 Bf8 29. c3 Ba6 30. Re3 Qb7 31. Qd5 Qb6 32. Qd4 Qb8 33. Rxe4 Re8 34. Rxe8
Qxe8 35. Ng3 Bb7 36. cxb4 axb4 37. Qe5 Qa8 38. Re1 b3 39. axb3 Ba6 40. Qc3 Qd5
41. Re8 1-0

[Event "Capablanca Memorial"]
[Site "?"]
[Date "2012.05.06"]
[Round "3"]
[White "Nepomniachtchi, Ian"]
[Black "Laznicka, Viktor"]
[Result "1/2-1/2"]
[WhiteElo "2716"]
[BlackElo "2693"]
[PlyCount "137"]
[EventDate "2012.??.??"]
[SourceDate "2012.05.07"]

1. e4 c6 2. Nf3 d5 3. Nc3 Bg4 4. h3 Bxf3 5. Qxf3 e6 6. d4 dxe4 7. Qxe4 Nf6 8.
Qh4 Nbd7 9. Bd3 Nd5 10. Qxd8+ Rxd8 11. a3 Be7 12. Ne2 e5 13. Bc4 Bf6 14. dxe5
Nxe5 15. Ba2 O-O 16. Ng3 Rfe8 17. O-O Ng6 18. Nh5 Be5 19. Bg5 f6 20. Be3 b6 21.
c3 Kf8 22. Bxd5 Rxd5 23. g4 f5 24. gxf5 Nh4 25. f6 gxf6 26. Rfd1 Kf7 27. Rxd5
cxd5 28. Rd1 Nf5 29. Rxd5 Rg8+ 30. Kf1 Nxe3+ 31. fxe3 Ke6 32. Rd3 Kf5 33. Rd7
Ke4 34. Kf2 a5 35. Nf4 h6 36. a4 Rb8 37. Rd5 Rc8 38. Rb5 Rc4 39. Rxb6 Rxa4 40.
Ng6 h5 41. Nxe5 fxe5 42. Ke2 Ra1 43. Rc6 Ra2 44. Rc4+ Kf5 45. Kf3 Rxb2 46. e4+
Kg5 47. Rc5 a4 48. Rxe5+ Kh4 49. Ra5 Rc2 50. Rxa4 Rxc3+ 51. Kf4 Kxh3 52. Ra1
Kg2 53. Ra2+ Kh3 54. e5 h4 55. Re2 Rc4+ 56. Kf3 Rc8 57. e6 Rf8+ 58. Ke4 Kg3 59.
Re3+ Kg2 60. e7 Re8 61. Kf4 h3 62. Re2+ Kf1 63. Kf3 Rxe7 64. Rxe7 h2 65. Rh7
Kg1 66. Rg7+ Kf1 67. Rh7 Kg1 68. Rxh2 Kxh2 69. Ke4 1/2-1/2